003350000a2200157000450000500170000024500200001726000340003730000090007104000080008036500090008865000130009765000110011065000220012165000130014365000210015620120302061614.0 a Upnayan Prayog aPune:Keshav Waman Joshi,1985. a71p. aMAR b15/- aSanskrut aDharma aDharmika Sanskaar aSanskaar aUpnayan Sanskaar